Statistics for Recognize Taylor swift song

Click here to take the quiz!

General Stats

  • This quiz has been taken 21 times
  • The average score is 13 of 16

Answer Stats

Answer% Correct
Superman
94%
Cardigan
89%
Paris
89%
Seven
89%
White horse
89%
Dress
83%
Labyrinth
83%
Maroon
83%
Tim McGraw
83%
Mirrorball
78%
Question?
78%
Glitch
72%
Ivy
72%
Paper rings
72%
Castles crumbling
61%
Midnight rain
56%

Score Distribution

Percentile by Number Answered

Percent of People with Each Score

Your Score History

You have not taken this quiz